00384pam a2200145 a 4500020001700000041000800017082001500025100001600040245006400056250001200120260006500132300000900197653001700206700001500223 a8171793355c aeng a615.1bGUP aGupta, L C. aViva In Forensic Medicine And ToxicologyhTextual Documents a3rd ed. aNew DelhibJaypee Brothers Medical Publishers (P) Ltd.c1998 a221. aPharmacology amodi, N K.